000 00685nam a2200277Ia 4500
005 20260320195827.0
008 008 262003s9999 xx 000 0 hin d
020 _a9788126726844
037 _aEBOOK
040 _aCRL
040 _bhin
040 _cCRL
041 _2hin
041 _ahin
084 _qCRL
100 _aनामवर सिंह
_9849304
245 0 _aनामवर के नोट्स
250 _a2nd
260 _bRajkamal
260 _c2016
300 _a136
856 _uhttps://ebook.indiaread.in/pdfs/847_namwar_ke_notes_by_shailesh_kumar_madhup_kumar.pdf
942 _cEBOOK
999 _c1716715
_d1716715